Bengkel Perancangan Strategik JPPH Ke 2 (bahagian 1) : 5 - 7 September 2007 [

Bibliographic Details
Corporate Author: Institut Penilaian Negara
Format: Book
Published: Genting : Awana Genting Golf & Country Resort , 2007

MARC

LEADER 00000cam a2200000 7i4500
001 0000020507
005 20071022.0
040 |a INS 
090 0 0 |a VCD 1039 
245 0 0 |a Bengkel Perancangan Strategik JPPH Ke 2 (bahagian 1) :   |b 5 - 7 September 2007 [  |h cakera video] 
260 |a Genting :   |b Awana Genting Golf & Country Resort ,   |c 2007 
300 |a 1 cakera video (72 min) :   |b col. snd. ;   |c 4 3/4 in. 
710 1 |a Institut Penilaian Negara 
999 |a VCD0001039   |b VIDEO CD   |c Media Collection   |e Default branch